000 00520nam a2200181Ia 4500
005 20250317123514.0
008 008 250317s9999 xx 000 0 eng d
037 _aTextbook
040 _aFMSL
_beng
_cFMSL
041 _aeng
_2eng
084 _aD658(B) K8
_qFMSL
100 _aBobrow D B
_9735647
245 0 _aComputers & the policy making community
260 _aNew Delhi
_bNew Delhi, Prentice-Hall
_c1968
300 _a374p
942 _cTB
_hD658(B) K8
999 _c1251542
_d1251542